Total Eclipse of the Hear lyrics - Statistics

General Stats
  • This quiz has been taken 297 times
  • The average score is 24 of 40
Answer Stats
Answer % Correct
Turn around,_____ now and then every
98%
____ _____, every now and then I Turn around
90%
Turn around, every now and then _ ___ I get
84%
get a little bit ____ of listening tired
84%
Turn around, _____ ____, bright eyes
79%
Turn around _____ ____, every now and then i fall apart bright eyes
79%
and I ____ you more than ____ need ever
76%
to the sound of my _____ tears
76%
Every now and then I ____ _____ fall apart
75%
And I need you now _____ tonight
74%
I get a little bit ______ and lonely
73%
terrified and then I ___ the look in ____ ____ see your eyes
73%
Turn around, every now and then I get a ______ ___ little bit
71%
and if you ___ me hold me ____ only
71%
Now I'm ____ falling apart only
71%
you're never ______ ____ coming round
70%
Cause we'll never be wrong ________ together
67%
of all the _____ have gone __ years by
66%
and we'll only be ______ it right making
64%
We'll be ______ on ______ holding forever
63%
I'm always __ ___ dark in the
63%
Turn _____, every now and then I get a little ___ helpless around bit
62%
But then _ see the _____ in your eyes I look
59%
I really _____ ___ tonight need you
59%
Theres _______ I can do nothing
59%
a little bit _______ that the best nervous
57%
Its a ______ _______ of the ______ total eclipse heart
56%
Once upon a time I was ______ in ____ falling love
55%
we can ____ it to the ____ of the line make end
52%
________ gonna start tonight forevers
50%
I dont KNow ____ __ __ what to do
50%
Your _____is like a ______ on me all of the time love shadow
49%
and _____ off sparks giving
43%
like a _____ in your arms child
34%
and I dream of something ____ wild
31%
and I know I've got to get out and ____ cry
30%
We're living in a ______ ___ powder keg
30%
Turn around, every now and ___ I get a little bit _______ then terrified
22%
Turn around, every now and then I get a little bit ___________ restless
20%
Turn around, _____ ___ and then I get a little bit _____ every now angry
16%
No matching quizzes found
Score Distribution
Percent of People with Each Score
Percentile by Number Answered
Your Score History
You have not taken this quiz